Ecología

में बचाया:
ग्रंथसूची विवरण
मुख्य लेखकों: Smith, Thomas M (लेखक), Smith, Robert Leo (लेखक)
स्वरूप: पुस्तक
भाषा:स्पेनिश
प्रकाशित: Madrid, España. Pearson Educación S.A., 2007
संस्करण:6a. edición
विषय:
ऑनलाइन पहुंच:Disponible Online
टैग: टैग जोड़ें
कोई टैग नहीं, इस रिकॉर्ड को टैग करने वाले पहले व्यक्ति बनें!

MARC

LEADER 00000cam a2200000 a 4500
001 UCE0261
003 CL-VaPUC
005 20230623074109.0
008 140109e20070000sp |||||||||||||||||spa|d
999 |c 354463  |d 354461 
020 |a 9788478290840 
040 |c Pontificia Universidad Católica de Valparaíso 
082 0 4 |a 577 SMI 2007  |2 21 
100 0 |a Smith, Thomas M  |e author  |9 572629 
245 1 0 |a Ecología 
250 |a 6a. edición 
260 |a Madrid, España.   |b Pearson Educación S.A.,  |c 2007 
300 |a 682 páginas  
583 |a last modification  |c 20140109 11:50:00  |k Rodrigo Vera 
650 0 |a Ecología   |9 258124 
650 0 |a Ecosistemas  |9 261477 
650 0 |a Climatología   |9 262302 
650 0 |a Temperatura  |2 CL-VaPUC  |9 355236 
650 0 |a Agua  |9 257149 
700 0 |a Smith, Robert Leo  |e author  |9 572630 
856 |u http://bibliografiadigital.pucv.cl/index.php/bibliotecapucv/catalog/book/456  |y Disponible Online  
942 |c BK  |2 ddc 
945 |d 20140109 11:50:00  |a dcastane 
952 |0 0  |1 0  |3 erb  |4 0  |6 577_000000000000000_SMI_2007  |7 0  |8 A  |9 460353  |a BIBING  |b BIBING  |i 5045576  |l 7  |m 5  |o 577 SMI 2007  |p 5045576  |r 2025-01-20  |s 2024-07-08  |w 2019-11-23  |y BK  |z Catalogado en:20140109  |k GEO 
952 |0 0  |1 0  |3 erb  |4 0  |6 577_000000000000000_SMI_2007  |7 0  |8 R  |9 460354  |a BIBAGR  |b BIBAGR  |i 5081238  |l 7  |o 577 SMI 2007  |p 5081238  |r 2025-01-20  |s 2023-03-30  |w 2019-11-23  |y BK_R  |z Catalogado en:20140529  |k AGR 
952 |0 0  |1 0  |3 erb  |4 0  |6 577_000000000000000_SMI_2007  |7 0  |8 R  |9 460355  |a BIBAGR  |b BIBAGR  |i 508122K  |l 14  |m 1  |o 577 SMI 2007  |p 508122K  |r 2025-04-08  |s 2025-04-03  |w 2019-11-23  |y BK_R  |z Catalogado en:20140529  |k AGR 
952 |0 0  |1 0  |3 erb  |4 0  |6 577_000000000000000_SMI_2007  |7 0  |8 R  |9 460356  |a BIBAGR  |b BIBAGR  |i 5081211  |l 8  |o 577 SMI 2007  |p 5081211  |r 2025-04-24  |s 2025-04-22  |w 2019-11-23  |y BK_R  |z Catalogado en:20140529  |k AGR 
952 |0 0  |1 0  |3 erb  |4 0  |6 577_000000000000000_SMI_2007  |7 0  |8 R  |9 460357  |a BIBAGR  |b BIBAGR  |i 5081203  |l 7  |o 577 SMI 2007  |p 5081203  |q 2025-05-12  |r 2025-05-09  |s 2025-05-09  |w 2019-11-23  |y BK_R  |z Catalogado en:20140529  |k AGR 
952 |0 0  |1 0  |3 erb  |4 0  |6 577_000000000000000_SMI_2007  |7 0  |8 R  |9 460358  |a BIBAGR  |b BIBAGR  |i 508119K  |l 4  |o 577 SMI 2007  |p 508119K  |r 2025-01-20  |s 2024-04-29  |w 2019-11-23  |y BK_R  |z Catalogado en:20140529  |k AGR 
952 |0 0  |1 0  |3 erb  |4 0  |6 577_000000000000000_SMI_2007  |7 0  |8 R  |9 460359  |a BIBAGR  |b BIBAGR  |i 5081181  |l 6  |o 577 SMI 2007  |p 5081181  |r 2025-01-20  |s 2024-05-23  |w 2019-11-23  |y BK_R  |z Catalogado en:20140529  |k AGR 
952 |0 0  |1 0  |3 erb  |4 0  |6 577_000000000000000_SMI_2007  |7 0  |8 R  |9 460360  |a BIBAGR  |b BIBAGR  |i 5290732  |l 4  |o 577 SMI 2007  |p 5290732  |r 2025-03-20  |s 2025-03-18  |w 2019-11-23  |y BK_R  |z Catalogado en:20160603  |k AGR 
952 |0 0  |1 0  |2 ddc  |4 0  |6 577_000000000000000_SMI_2007  |7 0  |8 A  |9 578377  |a BIBCUR  |b BIBCUR  |d 2021-07-08  |e 59  |g 47340.00  |i 5586003  |l 13  |m 11  |o 577 SMI 2007  |p 5586003  |r 2025-04-22  |s 2025-04-08  |t 9  |v 47340.00  |w 2021-07-08  |y BK  |k BIO